000 00635cam a2200229 4500500
005 20260405003424.0
041 _afre
042 _adc
100 1 0 _aHannoun, Arthur
_eauthor
245 0 0 _aLe Silmarillion
260 _c2021.
500 _a98
690 _aCosmologie
690 _aHeroic fantasy
690 _aImaginaire
690 _aImmortalité
690 _aMonde
690 _aMortalité
690 _aTolkien
786 0 _nPhilosophie magazine | 155 | 12 | 2021-12-01 | p. 54-54 | 1951-1787
856 4 1 _uhttps://shs.cairn.info/magazine-philosophie-magazine-2021-12-1-page-54?lang=fr&redirect-ssocas=7080
999 _c2067403
_d2067403